000 00495nam a2200181Ia 4500
001 7437
005 20260306160455.0
008 260306t2021||||xx |||||||||||||| ||spa||
041 _aESP
082 _a338.985
_bR47
100 _aReyes Zamora, David
_eAUT
245 0 _aReto bicentenario:
_buna mirada a las fracturas que limitan el desarrollo del Perú tras la pandemia
260 _c2021
300 _a162 páginas :
_c24 cm.
650 _aGEN
654 _aCAN
942 _cLIB
_dJUS
_fJUS
_2ddc
_n
999 _c7437
_d7437